000 00550cam a2200193 4500
001 D2530
008 090401t1964 xxu||||| |||| 00| 0 eng d
035 _a(Sirsi) u69454
041 _aeng
050 _a622.8
110 _aCollege of Estate Management
_9400
245 _aMining subsidence: a survey
260 _aLondon
_bThe College of Estate Management
_c1964
300 _a162p. illus. maps. plans. 30cm
350 _a0
520 _aPhotocopy of a collection of papers for a post-qualification course
942 _n0
948 _c04/03/1997
999 _c95198
_d95198